• AIU
  • Tony Wilmot Memorial Library

Ziazia kekeapai (Record no. 64608)

MARC details
000 -LEADER
fixed length control field 00243nam a2200109 4500
082 0# - DEWEY DECIMAL CLASSIFICATION NUMBER
Classification number 220.5
242 00 - TRANSLATION OF TITLE BY CATALOGING AGENCY
Title Zande Bible
245 10 - TITLE STATEMENT
Title Ziazia kekeapai
260 ## - PUBLICATION, DISTRIBUTION, ETC. (IMPRINT)
Name of publisher, distributor, etc Alliance Biblique Universelle
Date of publication, distribution, etc c.1978
300 ## - PHYSICAL DESCRIPTION
Extent 928, 244 p.
942 ## - ADDED ENTRY ELEMENTS (KOHA)
Source of classification or shelving scheme
Koha item type Books

No items available.